| 000 | 00635nam a22001937a 4500 | ||
|---|---|---|---|
| 003 | DO-SdBNP | ||
| 005 | 20220617101658.0 | ||
| 007 | ta | ||
| 008 | 220617b2008 |||ao||| |||| 00| 0 spa d | ||
| 040 |
_aDO-SdBNP _bspa _cBNPHU |
||
| 082 | 4 |
_222 _bS211 |
|
| 245 | 1 | 0 |
_aSánchez Ramírez : _bexperiencia amigable con la naturaleza / |
| 260 |
_a [Santo Domingo] : _bConsejo de Desarrollo Ecoturístico, provincia Sánchez Ramírez, _c[¿2018?]. |
||
| 300 |
_a18 p.: _bil.; fot.; _c20 cm |
||
| 590 | _aInventariado, 2022 / SA | ||
| 650 | 0 |
_917907 _aProvincia _vSánchez Ramírez _zRepública Dominicana |
|
| 910 | _aSaquino | ||
| 942 |
_2ddc _cLF2 |
||
| 999 |
_c52056 _d52056 |
||